000 00448nam a2200157 i 4500
001 64475
003 ES-MaACL
005 20230906165133.0
007 t|
008 031224s1972 sp ||||1| fre d
100 1 _aFons Garau, Domingo.
_951513
245 1 0 _aAd-hoc... !mon amour¡ /
_cDomingo Fons Garau.
260 _a[Palma de Mallorca :
_bSoler],
_c1972.
300 _a149 p., 5 lám. :
_bil. ;
_c21 cm.
852 _aES-MaACL
_jC-47388
_bR.81461
999 _c64475
_d64475